Artists Nicki Minaj has colaborated with - Statistics

General Stats
  • This quiz has been taken 404 times
  • The average score is 14 of 76
Answer Stats
Answer % Correct
Drake
86%
Lil Wayne
83%
Ariana Grande
76%
Rihanna
67%
Beyonce
66%
Kanye West
60%
Chris Brown
53%
Eminem
52%
Jessie J
48%
Jay-Z
47%
Meek Mill
37%
Justin Bieber
36%
Tyga
32%
David Guetta
31%
Rick Ross
30%
Madonna
28%
Future
27%
2 Chainz
26%
Ciara
26%
DJ Khaled
24%
Will.i.am
21%
Mariah Carey
20%
Trey Songz
20%
Big Sean
19%
Usher
19%
Cassie
18%
Nas
15%
Birdman
14%
Alicia Keys
13%
Britney Spears
13%
Lil' Kim
13%
Ludacris
13%
Young Thug
13%
Bebe Rexha
12%
Flo Rida
12%
Jason Derulo
12%
B.O.B
11%
Skylar Grey
10%
The Weeknd
10%
Sean Kingston
9%
Trina
9%
Kesha
8%
MIA
8%
Cam'ron
7%
Christina Aguilera
7%
Jay Sean
7%
Jeremih
7%
Juicy J
7%
French Montana
6%
LunchMoney Lewis
6%
Willow Smith
6%
Beenie Man
5%
Bon Iver
5%
Busta Rhymes
5%
Natasha Bedingfield
5%
Robin Thicke
5%
Young Jeezy
5%
Afrojack
4%
Jessie Ware
4%
Keyshia Cole
4%
Mario
4%
Sean Garrett
4%
Wiz Khalifa
4%
Bobby V
3%
Maroon 5
3%
Nelly
3%
Pharrell
3%
Wale
3%
Ne-yo
2%
Romeo Santos
2%
Soulja Boy
2%
Carly Rae Jepsen
1%
Mack Maine
1%
The Lonely Island
1%
Mary J. Blidge
0%
Pusha T
0%
No matching quizzes found
Score Distribution
Percent of People with Each Score
Percentile by Number Answered
Your Score History
You have not taken this quiz